Konkurenčná výhoda logistických spoločností využívaných outsourcing pri vykonávaní jednotlivých podnikových činností

Teoretické vymedzenie problematiky outsourcingu. Uplatnenie princípov outsourcingu logistiky a informačných systémov. Výsledky dotazníka. Výskum v oblasti implementácie outsourcingu. Outsourcing je jedna z dynamických metód súčasného manažmentu a je zameraný na zvýšenie konkurencieschopnosti, skvali...

ver descrição completa

Na minha lista:
Detalhes bibliográficos
Autor principal: Gubová, Klaudia, 1986-
Outros Autores: Richnák, Patrik, 1988-
Formato: Capítulo de Livro
Idioma:eslovaco
Assuntos:
Tags: Adicionar Tag
Sem tags, seja o primeiro a adicionar uma tag!

MARC

LEADER 00000nla a2200000 4500
001 0223747
005 20240502073649.0
041 0 |a slo 
044 |a SK 
245 1 0 |a Konkurenčná výhoda logistických spoločností využívaných outsourcing pri vykonávaní jednotlivých podnikových činností  |c Klaudia Gubová, Patrik Richnák 
520 |a Teoretické vymedzenie problematiky outsourcingu. Uplatnenie princípov outsourcingu logistiky a informačných systémov. Výsledky dotazníka. Výskum v oblasti implementácie outsourcingu. Outsourcing je jedna z dynamických metód súčasného manažmentu a je zameraný na zvýšenie konkurencieschopnosti, skvalitnenie podniku a zvýšenie jeho výkonnosti. 
610 2 0 |a podnik 
610 2 0 |a riadenie podnikové 
610 2 0 |a logistika 
610 2 0 |a outsourcing 
100 1 |a Gubová, Klaudia, 1986- 
700 1 |a Richnák, Patrik, 1988-